000 00639cam a22002291 4500
001 000010791
005 20200929162307.0
008 790105s1933 fr a 000 0 fre
010 _a34006560
035 _a(OCoLC)4522284
040 _aDO-SdBNP
_cNcRS
_dNcRS
_dDLC
042 _apremarc
082 _a546.38
_bB654q
100 1 _aBlondel, M.
_926071
245 1 0 _aQuímica mineral /
_cM. Blondel.
260 _aParis, :
_bVda de C. Bouret,
_c1933.
300 _a528 p. :
_billus. ;
_c20 cm.
650 4 _aQuímica inorgánica
_926072
650 4 _aMetales alcalinos
_926073
910 _aCatalogación por copia / LC
049 _aBNGR
999 _c10542
_d10542